Sens commun : connexions entre des mots #2 - Statistiques

Statistiques générales
  • Ce quiz a été pris 37 fois
  • Le résultat moyen est 6 sur 15
Statistiques - réponses
MOT 1 MOT 2 SYNONYME COMMUN % Correct
Couteux Aimé Cher
100%
Visage Côté Face
75%
Lisse Courtois Poli
61%
Vaste Couché Etendu
54%
Poltron Désseré Lâche
46%
Chauffage Casserole Poele
46%
Prendre Comprendre Saisir
46%
Boue Récipient Vase
46%
Pansement Troupe Bande
39%
Boisson Cercueil Bière
39%
Embrouillé Honteux Confus
36%
Protéger Interdire Défendre
21%
Exercer Emmener Entrainer
18%
Immatériel Humoristique Spirituel
7%
Brouillé Emu Troublé
4%
Aucun quiz correspondant
Distribution des résultats
% des personnes avec chaque résultat
Percentile par nombre de réponses
Votre historique - résultats
Vous n’avez pas pris ce quiz